[Event "Ruhrgebiet Regionalliga 1011"]
[Site "Nordrheinwestfalen"]
[Date "2010.12.12"]
[Round "4.5"]
[White "Pak, Raman"]
[Black "Pothmann, Malte"]
[Result "1/2-1/2"]
[WhiteElo "2154"]
[BlackElo "2020"]
[PlyCount "114"]
[EventDate "2010.09.19"]
[EventType "team-tourn"]
[EventRounds "9"]
[EventCountry "GER"]
[SourceTitle "EXT 2020"]
[Source "ChessBase"]
[SourceDate "2019.10.17"]
[SourceVersion "1"]
[SourceVersionDate "2019.10.17"]
[SourceQuality "1"]
[WhiteTeam "Oberhausen SV"]
[BlackTeam "Hamm SVg"]
[WhiteTeamCountry "GER"]
[BlackTeamCountry "GER"]

1. c4 e5 2. Nc3 g6 3. g3 Bg7 4. Bg2 Nf6 5. d3 d6 6. e3 c6 7. Nge2 0-0 8. 0-0 Na6 9. e4 Nc5 10. h3 a5 11. Be3 Nfd7 12. f4 Ne6 13. f5 Nd4 14. g4 Nc5 15. Qd2 b5 16. cxb5 Nxb5 17. Nxb5 cxb5 18. Nc3 Ba6 19. Nd5 f6 20. g5 Nd7 21. fxg6 hxg6 22. gxf6 Bxf6 23. Rxf6 Nxf6 24. Bg5 Ra7 25. Rf1 Raf7 26. Nxf6+ Rxf6 27. Rxf6 Rxf6 28. Bxf6 Qxf6 29. Qxa5 Qg5 30. Qe1 b4 31. Qe2 Bc8 32. Qf3 Kg7 33. Kh2 Qc1 34. Qf2 Be6 35. b3 Qf4+ 36. Qxf4 exf4 37. d4 g5 38. Bf3 Bd7 39. Be2 Kf6 40. Kg2 Bc8 41. Bf1 Bb7 42. Kf3 Bc6 43. Bd3 Bd7 44. Bf1 Bc6 45. h4 Kg6 46. hxg5 Kxg5 47. Bh3 Kh4 48. Kxf4 Kxh3 49. d5 Bd7 50. e5 Kg2 51. exd6 Kf2 52. Ke4 Ke2 53. Kd4 Kf3 54. Kc5 Ke4 55. Kxb4 Kxd5 56. Ka5 Kxd6 57. Kb6 Be6 1/2-1/2

[Event "Ruhrgebiet Regionalliga 1011"]
[Site "Nordrheinwestfalen"]
[Date "2010.09.19"]
[Round "1.4"]
[White "Ackermann, Frank"]
[Black "Pak, Raman"]
[Result "1/2-1/2"]
[WhiteElo "1985"]
[BlackElo "2154"]
[PlyCount "66"]
[EventDate "2010.09.19"]
[EventType "team-tourn"]
[EventRounds "9"]
[EventCountry "GER"]
[SourceTitle "EXT 2020"]
[Source "ChessBase"]
[SourceDate "2019.10.17"]
[SourceVersion "1"]
[SourceVersionDate "2019.10.17"]
[SourceQuality "1"]
[WhiteTeam "Oberhausen SV II"]
[BlackTeam "Oberhausen SV"]
[WhiteTeamCountry "GER"]
[BlackTeamCountry "GER"]

1. e4 d6 2. Nc3 c5 3. Nf3 Nf6 4. d4 cxd4 5. Nxd4 g6 6. Be3 Nc6 7. Qd2 Bg7 8. f3 Bd7 9. 0-0-0 a6 10. Kb1 Qc7 11. g4 h6 12. h4 0-0-0 13. Be2 Nxd4 14. Bxd4 Bc6 15. Qe3 Rdg8 16. Bb6 Qb8 17. Bc4 e6 18. e5 dxe5 19. Qc5 Qa8 20. Rd6 Rd8 21. Rxd8+ Rxd8 22. Bxd8 Kxd8 23. Rd1+ Ke8 24. Qxe5 Bxf3 25. Rf1 b5 26. Bd3 Kf8 27. g5 hxg5 28. hxg5 Nh5 29. Qe3 Bg2 30. Rf2 Kg8 31. Be2 b4 32. Nd1 Bd5 33. Rh2 Qb8 1/2-1/2

[Event "Rheinhausen-ch 14th"]
[Site "Duisburg Rheinhausen"]
[Date "2010.03.26"]
[Round "7"]
[White "Pak, Raman"]
[Black "Schnelle, Lukas"]
[Result "1/2-1/2"]
[WhiteElo "2153"]
[BlackElo "1958"]
[PlyCount "46"]
[EventDate "2010.01.08"]
[EventType "swiss"]
[EventRounds "7"]
[EventCountry "GER"]
[SourceTitle "EXT 2018"]
[Source "ChessBase"]
[SourceDate "2017.10.13"]
[SourceVersion "1"]
[SourceVersionDate "2017.10.13"]
[SourceQuality "1"]

1. Nf3 d5 2. g3 Nf6 3. Bg2 Bf5 4. 0-0 e6 5. d3 Nbd7 6. Nbd2 h6 7. Re1 Bc5 8. e4 dxe4 9. Nxe4 Nxe4 10. dxe4 Bh7 11. e5 0-0 12. c3 c6 13. Be3 Qc7 14. Qe2 Rfd8 15. Rad1 Be7 16. Bc1 Nc5 17. Rd4 Rxd4 18. cxd4 Nd3 19. Rd1 Nb4 20. a3 Nd5 21. Ne1 Rd8 22. Be4 Bxe4 23. Qxe4 c5 1/2-1/2

[Event "Rheinhausen-ch 14th"]
[Site "Duisburg Rheinhausen"]
[Date "2010.01.22"]
[Round "2"]
[White "Kirchner, Stefan1111"]
[Black "Pak, Raman"]
[Result "0-1"]
[WhiteElo "1800"]
[BlackElo "2153"]
[PlyCount "110"]
[EventDate "2010.01.08"]
[EventType "swiss"]
[EventRounds "7"]
[EventCountry "GER"]
[SourceTitle "EXT 2018"]
[Source "ChessBase"]
[SourceDate "2017.10.13"]
[SourceVersion "1"]
[SourceVersionDate "2017.10.13"]
[SourceQuality "1"]

1. e4 d6 2. d4 Nf6 3. Nc3 g6 4. Nf3 Bg7 5. Be3 a6 6. a4 Nc6 7. Be2 0-0 8. 0-0 Ng4 9. Qd2 Nxe3 10. Qxe3 Nb4 11. Bd3 Nxd3 12. Qxd3 c6 13. h3 a5 14. Rfd1 Bd7 15. b3 Qb8 16. Rab1 b5 17. b4 bxa4 18. bxa5 Qa7 19. Nxa4 Qxa5 20. Nb6 Ra7 21. Nxd7 Rxd7 22. Ra1 Qc7 23. Ra4 Rb8 24. Rda1 c5 25. c3 cxd4 26. cxd4 Qb7 27. Rc1 Bh6 28. Rc3 Rc7 29. Rac4 Rxc4 30. Rxc4 d5 31. exd5 Qxd5 32. Qc2 Qb7 33. Ne5 Ra8 34. Ra4 Rb8 35. Rc4 Kg7 36. Nd3 Qe4 37. Kh2 Rd8 38. Qc3 Qd5 39. Nb4 Qd6+ 40. g3 Bg5 41. Nc6 Ra8 42. Nb4 Bf6 43. Nc2 h5 44. Rc6 Qd5 45. Rc5 Qa2 46. Kg2 Rb8 47. Ra5 Qb1 48. Ra1 Qb7+ 49. Kh2 Rc8 50. Qb4 Qe4 51. Ne3 h4 52. Qd2 hxg3+ 53. fxg3 Bxd4 54. Re1 Bc3 55. Ng2 Qxe1 0-1

[Event "Rheinhausen-ch 14th"]
[Site "Duisburg Rheinhausen"]
[Date "2010.01.08"]
[Round "1"]
[White "Pak, Raman"]
[Black "Angermann, Immo Frank"]
[Result "1-0"]
[WhiteElo "2153"]
[BlackElo "1628"]
[PlyCount "59"]
[EventDate "2010.01.08"]
[EventType "swiss"]
[EventRounds "7"]
[EventCountry "GER"]
[SourceTitle "EXT 2018"]
[Source "ChessBase"]
[SourceDate "2017.10.13"]
[SourceVersion "1"]
[SourceVersionDate "2017.10.13"]
[SourceQuality "1"]

1. Nf3 Nc6 2. d4 d5 3. Bf4 Nf6 4. e3 e6 5. c3 a6 6. Nbd2 Be7 7. h3 h6 8. Bd3 b5 9. e4 dxe4 10. Nxe4 Nd5 11. Bd2 Bb7 12. Qe2 Nb6 13. b4 Rb8 14. Nc5 Bxc5 15. bxc5 Na4 16. 0-0 Nb2 17. Bc2 Nc4 18. a4 Nxd2 19. Qxd2 Ne7 20. Ne5 Bd5 21. axb5 axb5 22. f4 0-0 23. Qd3 f5 24. Rfb1 c6 25. Ra7 Ra8 26. Rba1 Rxa7 27. Rxa7 Re8 28. Qg3 Kh7 29. Bd1 Rg8 30. Rxe7 1-0

[Event "Oberhausen op"]
[Site "Oberhausen"]
[Date "2009.04.11"]
[Round "4"]
[White "Pak, Raman"]
[Black "Danin, Alexandre"]
[Result "0-1"]
[WhiteElo "2223"]
[BlackElo "2465"]
[PlyCount "60"]
[EventDate "2009.04.09"]
[EventType "swiss"]
[EventRounds "7"]
[EventCountry "GER"]
[SourceTitle "CBM 129 Extra"]
[Source "ChessBase"]
[SourceDate "2009.05.05"]
[SourceVersion "2"]
[SourceVersionDate "2009.05.20"]
[SourceQuality "1"]

1. c4 Nf6 2. Nc3 d5 3. cxd5 Nxd5 4. e4 Nb4 5. d3 c5 6. Be3 e5 7. Be2 N8c6 8. a3 Na6 9. Nf3 Be7 10. 0-0 Be6 11. Rc1 0-0 12. Na4 Nd4 13. Bxd4 cxd4 14. b4 f6 15. Nd2 Qd7 16. Nb2 Nc7 17. Nbc4 Nb5 18. Nb1 Rfc8 19. Qd2 Nc3 20. Nxc3 dxc3 21. Qe1 Qd4 22. Rc2 b5 23. Na5 Bd8 24. Qa1 Bxa5 25. bxa5 Bb3 26. Rcc1 c2 27. Qxd4 exd4 28. Ra1 Rc3 29. Rfc1 Rac8 30. Kf1 R8c6 0-1

[Event "Rheinhausen-ch 13th"]
[Site "Duisburg Rheinhausen"]
[Date "2009.03.13"]
[Round "6"]
[White "Kirchner, Stefan1111"]
[Black "Pak, Raman"]
[Result "1-0"]
[WhiteElo "1691"]
[BlackElo "2195"]
[PlyCount "123"]
[EventDate "2009.01.09"]
[EventType "swiss"]
[EventRounds "7"]
[EventCountry "GER"]
[SourceTitle "EXT 2018"]
[Source "ChessBase"]
[SourceDate "2017.10.13"]
[SourceVersion "1"]
[SourceVersionDate "2017.10.13"]
[SourceQuality "1"]

1. e4 g6 2. d4 Bg7 3. Nf3 d6 4. Be3 c5 5. c3 cxd4 6. Bxd4 Nf6 7. Nbd2 0-0 8. e5 Ng4 9. exd6 e5 10. Bc5 Na6 11. Bxa6 bxa6 12. h3 e4 13. d7 exf3 14. Nxf3 Bxd7 15. Bxf8 Qe8+ 16. Kf1 Bb5+ 17. Kg1 Nxf2 18. Kxf2 Qxf8 19. Re1 Rd8 20. Qb3 Qc5+ 21. Kg3 Bf8 22. Kh2 Rd3 23. Qc2 Bd6+ 24. Kh1 Qh5 25. c4 Rxf3 26. cxb5 Rf4 27. Qe2 Qh4 28. Qe3 axb5 29. Rad1 Rf6 30. Rf1 a6 31. Rxf6 Qxf6 32. Qb6 Be5 33. Qxf6 Bxf6 34. b3 Be7 35. Rd7 Bc5 36. Rc7 Bf8 37. Ra7 b4 38. Rxa6 h5 39. Kg1 Bc5+ 40. Kf1 Kg7 41. Ke2 f6 42. Rc6 Bf8 43. Rc7+ Kh6 44. Rf7 Bg7 45. Kd3 g5 46. Kc4 Kg6 47. Ra7 Bf8 48. Kd5 g4 49. Ra8 Bh6 50. hxg4 hxg4 51. a4 bxa3 52. b4 f5 53. Rxa3 f4 54. Ke4 Kh5 55. b5 Bf8 56. Rd3 f3 57. gxf3 g3 58. b6 g2 59. Rd1 Bc5 60. b7 Ba7 61. Rb1 Kh4 62. b8Q 1-0

[Event "Rheinhausen-ch 13th"]
[Site "Duisburg Rheinhausen"]
[Date "2009.02.13"]
[Round "4"]
[White "Menzel, Josef"]
[Black "Pak, Raman"]
[Result "1-0"]
[WhiteElo "1963"]
[BlackElo "2195"]
[PlyCount "85"]
[EventDate "2009.01.09"]
[EventType "swiss"]
[EventRounds "7"]
[EventCountry "GER"]
[SourceTitle "EXT 2018"]
[Source "ChessBase"]
[SourceDate "2017.10.13"]
[SourceVersion "1"]
[SourceVersionDate "2017.10.13"]
[SourceQuality "1"]

1. e4 c5 2. Nf3 e6 3. d4 cxd4 4. Nxd4 a6 5. Be2 Nf6 6. Nc3 Bb4 7. f3 d5 8. e5 Nfd7 9. f4 Nc6 10. Be3 0-0 11. 0-0 Bc5 12. Bf2 Nxd4 13. Bxd4 Qb6 14. Bxc5 Qxc5+ 15. Kh1 b5 16. Bd3 b4 17. Na4 Qa5 18. b3 f5 19. a3 bxa3 20. Rxa3 Bb7 21. Ra1 Bc6 22. Qe2 Bxa4 23. Rxa4 Qc3 24. Rxa6 Rxa6 25. Bxa6 Nc5 26. Bd3 Ra8 27. h3 Ra2 28. Rb1 Ne4 29. Kh2 Qd4 30. Bxe4 fxe4 31. Qb5 h6 32. Qe8+ Kh7 33. Qxe6 Rxc2 34. Qf5+ Kh8 35. Qf8+ Kh7 36. e6 Qf2 37. Rg1 Rc7 38. Qf5+ Kg8 39. Ra1 Rc8 40. Qf7+ Kh7 41. e7 Qc5 42. Ra6 Qc7 43. Qg6+ 1-0

[Event "Rheinhausen-ch 13th"]
[Site "Duisburg Rheinhausen"]
[Date "2009.01.30"]
[Round "3"]
[White "Pak, Raman"]
[Black "Ritter, Uwe"]
[Result "1-0"]
[WhiteElo "2195"]
[BlackElo "1930"]
[PlyCount "39"]
[EventDate "2009.01.09"]
[EventType "swiss"]
[EventRounds "7"]
[EventCountry "GER"]
[SourceTitle "EXT 2018"]
[Source "ChessBase"]
[SourceDate "2017.10.13"]
[SourceVersion "1"]
[SourceVersionDate "2017.10.13"]
[SourceQuality "1"]

1. c4 c5 2. Nf3 Nc6 3. d4 cxd4 4. Nxd4 g6 5. e4 Bg7 6. Be3 Nf6 7. Nc3 0-0 8. Be2 b6 9. 0-0 Bb7 10. f3 Qb8 11. Nb3 d6 12. a4 Na5 13. Nxa5 bxa5 14. c5 dxc5 15. Bxc5 Rd8 16. Qb3 Qc7 17. Be3 Rab8 18. Nb5 Ba8 19. Qxf7+ Kxf7 20. Nxc7 1-0

[Event "Ruhrgebiet VK1 0708"]
[Site "Germany"]
[Date "2008.04.27"]
[Round "9.2"]
[White "Pak, Raman"]
[Black "Schlaap, Ralf"]
[Result "1/2-1/2"]
[WhiteElo "2189"]
[BlackElo "2229"]
[PlyCount "28"]
[EventDate "2007.09.16"]
[EventType "team"]
[EventRounds "9"]
[EventCountry "GER"]
[SourceTitle "EXT 2009"]
[Source "ChessBase"]
[SourceDate "2008.11.26"]
[SourceVersion "1"]
[SourceVersionDate "2008.11.26"]
[SourceQuality "1"]
[WhiteTeam "Altstadt RE"]
[BlackTeam "Hamm"]
[WhiteTeamCountry "GER"]
[BlackTeamCountry "GER"]

1. e4 c6 2. d4 d5 3. exd5 cxd5 4. Bd3 Nc6 5. c3 Nf6 6. Bf4 Qb6 7. Qe2 Bg4 8. f3 Bh5 9. Nh3 e6 10. 0-0 Be7 11. Nf2 0-0 12. Re1 Rac8 13. Nd1 Rfd8 14. Nd2 Bg6 1/2-1/2

[Event "Rheinhausen-ch 12th"]
[Site "Duisburg Rheinhausen"]
[Date "2008.02.08"]
[Round "4"]
[White "Bluemer, Timo"]
[Black "Pak, Raman"]
[Result "0-1"]
[WhiteElo "1809"]
[BlackElo "2185"]
[PlyCount "58"]
[EventDate "2008.01.11"]
[EventType "swiss"]
[EventRounds "7"]
[EventCountry "GER"]
[SourceTitle "EXT 2018"]
[Source "ChessBase"]
[SourceDate "2017.10.13"]
[SourceVersion "1"]
[SourceVersionDate "2017.10.13"]
[SourceQuality "1"]

1. e4 c5 2. Nf3 e6 3. d4 cxd4 4. Nxd4 Nf6 5. Bd3 Nc6 6. Be3 d5 7. Nxc6 bxc6 8. e5 Nd7 9. f4 Bc5 10. Bxc5 Nxc5 11. Qd2 Qb6 12. b3 a5 13. a3 0-0 14. Nc3 f6 15. exf6 Rxf6 16. Be2 Ba6 17. Bxa6 Qxa6 18. Qd4 Nd7 19. g3 c5 20. Qd3 c4 21. bxc4 Rc8 22. c5 Qc6 23. Qb5 Qxc5 24. Qxc5 Rxc5 25. Kd2 e5 26. fxe5 Rfc6 27. e6 Ne5 28. Ne2 Rxc2+ 29. Kd1 Nf3 0-1

[Event "NRW-ch"]
[Site "Herne"]
[Date "2007.10.05"]
[Round "7"]
[White "Pak, Raman"]
[Black "Hausrath, Daniel"]
[Result "1/2-1/2"]
[WhiteElo "2189"]
[BlackElo "2494"]
[PlyCount "32"]
[EventDate "2007.09.29"]
[EventType "swiss"]
[EventRounds "7"]
[EventCountry "GER"]
[SourceTitle "EXT 2008"]
[Source "ChessBase"]
[SourceDate "2007.11.25"]
[SourceVersion "1"]
[SourceVersionDate "2007.11.25"]
[SourceQuality "1"]

1. d4 Nf6 2. Nf3 g6 3. c4 Bg7 4. Nc3 0-0 5. e4 d6 6. Be2 c5 7. 0-0 cxd4 8. Nxd4 Nc6 9. Be3 Bd7 10. Qd2 Nxd4 11. Bxd4 Bc6 12. f3 Nd7 13. b4 Bxd4+ 14. Qxd4 Qb6 15. Qxb6 Nxb6 16. Rfc1 Rfc8 1/2-1/2

[Event "NRW-ch"]
[Site "Herne"]
[Date "2007.10.04"]
[Round "6"]
[White "Pak, Raman"]
[Black "Haselhorst, Helmut"]
[Result "1-0"]
[WhiteElo "2189"]
[BlackElo "2146"]
[PlyCount "77"]
[EventDate "2007.09.29"]
[EventType "swiss"]
[EventRounds "7"]
[EventCountry "GER"]
[SourceTitle "EXT 2008"]
[Source "ChessBase"]
[SourceDate "2007.11.25"]
[SourceVersion "1"]
[SourceVersionDate "2007.11.25"]
[SourceQuality "1"]

1. Nf3 Nf6 2. d4 g6 3. g3 Bg7 4. Bg2 0-0 5. 0-0 d6 6. c4 Nc6 7. Nc3 a6 8. Qd3 Bf5 9. e4 Bg4 10. Be3 Nd7 11. Nd2 Nb6 12. f4 e5 13. d5 exf4 14. gxf4 Nb8 15. h3 Bc8 16. Bd4 N8d7 17. Bxg7 Kxg7 18. Qd4+ f6 19. b4 a5 20. a3 Qe7 21. Nb5 Nb8 22. Nxd6 Qxd6 23. c5 Qd8 24. cxb6 cxb6 25. Nc4 Nd7 26. e5 axb4 27. axb4 Rxa1 28. Rxa1 b5 29. Nd6 Qe7 30. Rc1 fxe5 31. fxe5 Nxe5 32. Nxc8 Qg5 33. Re1 Re8 34. Nd6 Kg8 35. Kh1 Re7 36. Ne4 Qh4 37. Qf2 Qh6 38. d6 Rf7 39. Nf6+ 1-0

[Event "Rheinhausen-ch 11th"]
[Site "Duisburg Rheinhausen"]
[Date "2007.03.30"]
[Round "7"]
[White "Pak, Raman"]
[Black "Heinert, Eugen"]
[Result "0-1"]
[WhiteElo "2142"]
[BlackElo "2049"]
[PlyCount "74"]
[EventDate "2007.01.12"]
[EventType "swiss"]
[EventRounds "7"]
[EventCountry "GER"]
[SourceTitle "EXT 2018"]
[Source "ChessBase"]
[SourceDate "2017.10.13"]
[SourceVersion "1"]
[SourceVersionDate "2017.10.13"]
[SourceQuality "1"]

1. c4 Nf6 2. Nc3 e6 3. e4 d5 4. e5 d4 5. exf6 dxc3 6. bxc3 Qxf6 7. d4 b6 8. Be2 Bb7 9. Bf3 Bxf3 10. Nxf3 Bd6 11. Qa4+ c6 12. Ba3 Bxa3 13. Qxa3 Qe7 14. Qxe7+ Kxe7 15. a4 Nd7 16. Ke2 Rhc8 17. a5 b5 18. c5 a6 19. Nd2 e5 20. Ne4 exd4 21. cxd4 Nf6 22. Nd6 Rd8 23. Kd3 Ne8 24. Rhe1+ Kf8 25. Nxe8 Rxe8 26. Rxe8+ Rxe8 27. d5 Re5 28. dxc6 Rxc5 29. Kd4 Rxc6 30. Kd5 Rc2 31. g4 g5 32. Ke5 Kg7 33. f3 Rxh2 34. Kf5 h6 35. Ke5 Rc2 36. Ra3 Rc4 37. Kd5 Ra4 0-1

[Event "Rheinhausen-ch 11th"]
[Site "Duisburg Rheinhausen"]
[Date "2007.02.09"]
[Round "3"]
[White "Pak, Raman"]
[Black "Heinert, Alex"]
[Result "1/2-1/2"]
[WhiteElo "2142"]
[BlackElo "2014"]
[PlyCount "45"]
[EventDate "2007.01.12"]
[EventType "swiss"]
[EventRounds "7"]
[EventCountry "GER"]
[SourceTitle "EXT 2018"]
[Source "ChessBase"]
[SourceDate "2017.10.13"]
[SourceVersion "1"]
[SourceVersionDate "2017.10.13"]
[SourceQuality "1"]

1. e4 e5 2. Nf3 Nc6 3. d4 exd4 4. Nxd4 Nf6 5. Nxc6 bxc6 6. e5 Nd5 7. c4 Bb4+ 8. Bd2 Bxd2+ 9. Nxd2 Nb6 10. Bd3 d5 11. exd6 cxd6 12. 0-0 0-0 13. Rc1 d5 14. cxd5 cxd5 15. Re1 Qf6 16. Qh5 g6 17. Qe5 Qxe5 18. Rxe5 Bd7 19. Ba6 Bc8 20. Bd3 Bd7 21. Ba6 Bc8 22. Bd3 Bd7 23. Ba6 1/2-1/2

[Event "Rheinhausen-ch 11th"]
[Site "Duisburg Rheinhausen"]
[Date "2007.01.12"]
[Round "1"]
[White "Pak, Raman"]
[Black "Grabowski, Marian"]
[Result "1-0"]
[WhiteElo "2142"]
[BlackElo "1545"]
[PlyCount "45"]
[EventDate "2007.01.12"]
[EventType "swiss"]
[EventRounds "7"]
[EventCountry "GER"]
[SourceTitle "EXT 2018"]
[Source "ChessBase"]
[SourceDate "2017.10.13"]
[SourceVersion "1"]
[SourceVersionDate "2017.10.13"]
[SourceQuality "1"]

1. e4 e6 2. d4 d6 3. e5 c5 4. c3 Qb6 5. Nf3 Nc6 6. a3 Bd7 7. b4 cxd4 8. cxd4 Nge7 9. Nc3 Ng6 10. Be3 Be7 11. h4 h5 12. Bd3 0-0 13. Ng5 Bxg5 14. hxg5 h4 15. Bxg6 fxg6 16. Rxh4 Ne7 17. g4 Rac8 18. Ke2 Rc4 19. Qh1 Kf7 20. Rh8 Ng8 21. Rh7 Rfc8 22. Qf3+ Ke7 23. Rxg7+ 1-0

[Event "Duisburg Grossenbaum op"]
[Site "Duisburg"]
[Date "2006.06.03"]
[Round "2"]
[White "Limbourg, Philipp"]
[Black "Pak, Raman"]
[Result "1-0"]
[WhiteElo "2181"]
[BlackElo "2178"]
[PlyCount "55"]
[EventDate "2006.06.02"]
[EventType "swiss"]
[EventRounds "7"]
[EventCountry "GER"]
[SourceTitle "EXT 2007"]
[Source "ChessBase"]
[SourceDate "2006.11.23"]
[SourceVersion "1"]
[SourceVersionDate "2006.11.23"]
[SourceQuality "1"]

1. e4 c5 2. Nc3 Nc6 3. Bb5 Nd4 4. a4 e6 5. f4 Ne7 6. d3 a6 7. Bc4 d5 8. Ba2 b5 9. Nf3 dxe4 10. Nxe4 Nec6 11. Be3 Bb7 12. c3 Nxf3+ 13. Qxf3 Na5 14. f5 Qxd3 15. Bb1 Qd5 16. fxe6 Qxe6 17. 0-0 Be7 18. axb5 axb5 19. Qf4 0-0 20. Bxc5 Bxc5+ 21. Nxc5 Qd5 22. Qf2 Rfc8 23. b4 Nc4 24. Be4 Qd7 25. Bf5 Qc7 26. Bxc8 Rxc8 27. Rae1 Bd5 28. Re7 1-0